Banking in Africa (Record no. 84528)
[ view plain ]
| 000 -LEADER | |
|---|---|
| fixed length control field | 01452nam a2200265 a 4500 |
| 008 - FIXED-LENGTH DATA ELEMENTS--GENERAL INFORMATION | |
| fixed length control field | 120416s1998 ||||||||||||||||| || u |
| 020 ## - INTERNATIONAL STANDARD BOOK NUMBER | |
| International Standard Book Number | 0865436932 |
| 050 ## - LIBRARY OF CONGRESS CALL NUMBER | |
| Classification number | HG 1586 Bro |
| 100 ## - MAIN ENTRY--PERSONAL NAME | |
| Personal name | Brownbridge, Martin |
| 245 10 - TITLE STATEMENT | |
| Title | Banking in Africa |
| 246 ## - | |
| -- | the impact of financial sector reform since independence / |
| 260 ## - PUBLICATION, DISTRIBUTION, ETC. | |
| Place of publication, distribution, etc. | Oxford |
| Name of publisher, distributor, etc. | J. Currey Africa World Press |
| Date of publication, distribution, etc. | 1998. |
| 300 ## - PHYSICAL DESCRIPTION | |
| Extent | xiii, 242 p. : ill. |
| 350 ## - | |
| -- | 0.00 |
| 500 ## - GENERAL NOTE | |
| General note | Bibliography. |
| 650 ## - SUBJECT ADDED ENTRY--TOPICAL TERM | |
| Topical term or geographic name entry element | BANKS AND BANKING--AFRICA, SUB-SAHARAN |
| 650 ## - SUBJECT ADDED ENTRY--TOPICAL TERM | |
| Topical term or geographic name entry element | BANKING |
| 700 ## - ADDED ENTRY--PERSONAL NAME | |
| Personal name | Gockel, Augustine F. (Augustine Fritz) |
| 700 ## - ADDED ENTRY--PERSONAL NAME | |
| Personal name | Harvey, Charles, M.A |
| 995 ## - | |
| -- | MAIN LIBRARY OPEN ACCESS |
| -- | 0.00 |
| -- | 731743 |
| -- | CBU-MAIN LIBRARY (Kitwe) |
| -- | 1 |
| -- | 42.00 |
| -- | HG 1586 Bro |
| -- | 4 |
| -- | AVAILABLE |
| -- | Jul 25, 2006 |
| -- | 029303 |
| -- | Main Library Open Access Collection |
| 995 ## - | |
| -- | ANNEX COLLECTION (Main Library) |
| -- | 0.00 |
| -- | 730096 |
| -- | CBU-MAIN LIBRARY (Kitwe) |
| -- | 2 |
| -- | 16.95 |
| -- | HG 1586 Bro |
| -- | 2 |
| -- | AVAILABLE |
| -- | 027286 |
| -- | Annex Low-Usage Collection |
| 995 ## - | |
| -- | ANNEX COLLECTION (Main Library) |
| -- | 0.00 |
| -- | 730095 |
| -- | CBU-MAIN LIBRARY (Kitwe) |
| -- | 1 |
| -- | 16.95 |
| -- | HG 1586 Bro |
| -- | 1 |
| -- | AVAILABLE |
| -- | 027287 |
| -- | Annex Low-Usage Collection |
| 995 ## - | |
| -- | ANNEX COLLECTION (Main Library) |
| -- | 0.00 |
| -- | 730097 |
| -- | CBU-MAIN LIBRARY (Kitwe) |
| -- | 3 |
| -- | 16.95 |
| -- | HG 1586 Bro |
| -- | 3 |
| -- | AVAILABLE |
| -- | 027285 |
| -- | Annex Low-Usage Collection |
| 995 ## - | |
| -- | MAIN LIBRARY OPEN ACCESS |
| -- | 0.00 |
| -- | 731744 |
| -- | CBU-MAIN LIBRARY (Kitwe) |
| -- | 2 |
| -- | 42.00 |
| -- | HG 1586 Bro |
| -- | 5 |
| -- | AVAILABLE |
| -- | 029353 |
| -- | Main Library Open Access Collection |
| 999 ## - | |
| -- | 84528 |
| -- | 84528 |
| Withdrawn status | Lost status | Source of classification or shelving scheme | Damaged status | Not for loan | Permanent Location | Current Location | Shelving location | Date acquired | Total Checkouts | Full call number | Barcode | Date last seen | Copy number | Price effective from | Koha item type |
|---|---|---|---|---|---|---|---|---|---|---|---|---|---|---|---|
| CBU-MAIN LIBRARY, KITWE. | CBU-MAIN LIBRARY, KITWE. | 01/25/2024 | HG 1586 Bro | 029303 | 01/25/2024 | 1 | 01/25/2024 | MONOGRAPH | |||||||
| Withdrawn | CBU-MAIN LIBRARY, KITWE. | CBU-MAIN LIBRARY, KITWE. | 01/25/2024 | HG 1586 Bro | 027286 | 01/25/2024 | 2 | 01/25/2024 | MONOGRAPH | ||||||
| CBU-MAIN LIBRARY, KITWE. | CBU-MAIN LIBRARY, KITWE. | 01/25/2024 | HG 1586 Bro | 027287 | 01/25/2024 | 3 | 01/25/2024 | MONOGRAPH | |||||||
| CBU-MAIN LIBRARY, KITWE. | CBU-MAIN LIBRARY, KITWE. | 01/25/2024 | HG 1586 Bro | 027285 | 01/25/2024 | 4 | 01/25/2024 | MONOGRAPH | |||||||
| CBU-MAIN LIBRARY, KITWE. | CBU-MAIN LIBRARY, KITWE. | 01/25/2024 | HG 1586 Bro | 029353 | 01/25/2024 | 5 | 01/25/2024 | MONOGRAPH |